Serás madre : la mujer desde la adolescencia a la maternidad
Сохранить в:
| Главный автор: | |
|---|---|
| Другие авторы: | |
| Формат: | |
| Язык: | испанский |
| Опубликовано: |
Barcelona.
Noguer.
1972.
|
| Предметы: | |
| Метки: |
Добавить метку
Нет меток, Требуется 1-ая метка записи!
|
MARC
| LEADER | 00000nam a22000005a 4500 | ||
|---|---|---|---|
| 001 | 16565 | ||
| 003 | CL-ChBUA | ||
| 005 | 20120815103614.0 | ||
| 008 | 070301s1972 sp 000 0 spa | ||
| 040 | |a CL-ChBUA |c CL-ChBUA | ||
| 082 | 0 | 0 | |a 612.63 |
| 090 | |c 16565 |d 16565 | ||
| 100 | 1 | |a Miraglia, Ferruccio., Orlandini, Eziot | |
| 245 | 1 | 0 | |a Serás madre : |b la mujer desde la adolescencia a la maternidad |
| 260 | |b Noguer. |a Barcelona. |c 1972. | ||
| 650 | 4 | |a MATERNIDAD. | |
| 650 | 4 | |a OBSTETRICIA. | |
| 700 | 1 | |a Michelette, Giuseppe. | |
| 942 | |c LIB | ||
| 952 | |0 0 |1 0 |4 0 |7 0 |9 22956 |a UNACH |b UNACH |c 600 |d 2007-03-05 |i 10.025. |l 1 |m 2 |o 612.63 / M 671. |p 23955 |r 2018-05-13 00:00:00 |s 2014-08-18 |u 22956 |w 2012-08-08 |y LIB |k 612.63 / M 671. | ||
| 999 | |c 16565 |d 16565 | ||